01032 a2200193 45000010006000000050017000060080041000230030015000640400040000790800047001192450058001662640027002243000018002515050356002690410008006251000011006337000095006448560099007394548520260407155727.0260407a arg spa d AR-UNSa-BCEJYS aAR-UNSa-BCEJYSbspacAR-UNSa-BCEJYS a336.5xGasto público. Gastos del estado 10aGasto Público dirigido a la niñez en la Argentina 1aBuenos Aires :bUNICEF a49 p.c30 cm. a1. Introducción – 2. Aspectos metodológicos – 3. Gasto Público Consolidado dirigido a la Niñez, 2001-2002 – 4. Gasto público Nacional dirigido a la Niñez, 1995-2003 – 4.1. Gasto público Nacional dirigido a la Niñez en el año 2002 – 5. Gasto público Provincial dirigido a la Niñez en provincias seleccionadas, 2001-2002. aspa1 aUNICEF1 aArgentina. Ministerio de Economía y Producción. Secretaría de Política Económica41uhttps://www.biblioeco.unsa.edu.ar/pmb/images/libros/L127117.jpgyImagen de portadaqimage/jpeg